|
|
|
|
| LEADER |
01082nam a2200337 a 4500 |
| 001 |
nkc20102029461 |
| 003 |
CZ PrNK |
| 005 |
20100219112604.0 |
| 007 |
ta |
| 008 |
100118s2009 xr a e 000 0 cze |
| 015 |
|
|
|a cnb002029461
|
| 020 |
|
|
|q (Brož.)
|
| 040 |
|
|
|a BOA001
|b cze
|
| 043 |
|
|
|a e-xr---
|b e-xr-ol
|2 czenas
|
| 072 |
|
7 |
|a 641
|x Kuchařství. Potraviny. Vařená jídla
|2 Konspekt
|9 19
|
| 080 |
|
|
|a 641.568(437.32)
|2 MRF
|
| 080 |
|
|
|a (437.325)
|2 MRF
|
| 080 |
|
|
|a (083.12)
|2 MRF
|
| 245 |
0 |
0 |
|a Ochutnejme Hranicko
|
| 260 |
|
|
|a [Hranice] :
|b Mikroregion Hranicko,
|c 2009
|
| 300 |
|
|
|a 48 s. :
|b il. ;
|c 21 cm
|
| 500 |
|
|
|a Název z obálky
|
| 650 |
0 |
7 |
|a moravská jídla
|7 ph115349
|2 czenas
|
| 655 |
|
7 |
|a kuchařské recepty
|7 fd132687
|2 czenas
|
| 651 |
|
7 |
|a Hranice (Přerov, Česko : oblast)
|7 ge134230
|2 czenas
|
| 856 |
4 |
1 |
|3 Online verze
|u http://www.regionhranicko.cz
|4 N
|
| 910 |
2 |
|
|a BOA001
|b 2-1236.207
|
| 990 |
|
|
|a BK
|
| 995 |
|
|
|a 60
|
| 991 |
|
|
|b 201002
|c NOV
|
| 996 |
6 |
|
|b 2610410506
|c 2-1236.207
|l MZK
|r Sklad / do 1 hodiny
|n 0
|p p.v.
|w 001107394
|u 000010
|a 1
|e BOA001
|j MZK50
|s P
|